| 000 | 00467nam a2200133 a 4500 | ||
|---|---|---|---|
| 001 | 000041454 | ||
| 005 | 20201002034913.0 | ||
| 008 | 131007s1977 cl 000 0 spa d | ||
| 040 |
_aDO-SdBNP _bspa _cBNPHU |
||
| 245 | 0 | 0 |
_aFactores que limitan la productividad de frijol en Colombia / _cNocha Ruiz de Londoño...[et.al]. |
| 260 |
_aCali : _bCentro Internacional de Agricultura Tropical, _c1977 m. |
||
| 300 |
_a44 p. ; _c22 cm. |
||
| 700 | 1 |
_aRuiz de Londoño, Nocha _968125 |
|
| 999 |
_c40944 _d40944 |
||